000 01013 a2200445 4500
000 BKB
001 069134
005 20200902150223.0
008
010 _a
020 _a
082 _a808.042
_bA75A
100 1 _aGodman, Sharon
110 _a
245 1 _aThe art of english: literary creativity
_cby Sharon Godman and Kieran O'Halloran
250 _a
260 _aNew York
_bPalgrave
_c2006
300 _a492p.
490 _a
_v
500 _a
600 _a
610 _a
611 _a
630 _a
650 _a
651 _a
654 _a
690 _aStyle, Literary; College readers; English language--Style; English language--Versification; Creation (Literary, artistic, etc.); Creation
700 _aO'Halloran, Kieran
_b
_c
710 _a
_b
_c
711 _a
720 _a
730 _a
740 _a
752 _a
856 _a
_d
_f
904 _a
964 _a
_b
_c
_d
_e
_f
_g
965 _a
999 _c2744
_d2744